| 000 -LEADER |
| fixed length control field |
00400nam a22000977a 4500 |
| 008 - FIXED-LENGTH DATA ELEMENTS--GENERAL INFORMATION |
| fixed length control field |
150810b xxu||||| |||| 00| 0 ger d |
| 100 ## - MAIN ENTRY--AUTHOR'S NAME |
| Author's Name |
Lenthe, A. von |
| 245 ## - TITLE STATEMENT |
| Title |
Hannover : Postanstalten und Poststempel |
| 260 ## - PUBLICATION, DISTRIBUTION, ETC. (IMPRINT) |
| Place of publication, distribution, etc. |
Hannover, Germany |
| Name of publisher, distributor, etc. |
Hans Grobe |
| Date of publication, distribution, etc. |
1971 |
| 650 ## - TOPICAL TERM (Tag) |
| Topical term or geographic name |
Germany | Hanover (1850-1866) | German States | Postal History Post Offices | Postal Service | Postal Markings | Catalogs and Price Lists |